Un Rapport avec le Canada ? - Mort Subite - Statistiques

Statistiques générales
  • Ce quiz a été pris 156 fois
  • Le résultat moyen est 7 sur 27
Answers on the Grid
Answers color-coded by a green-red scale on the quiz's grid according to % correct below.
L'indépendance du Québec
L'installation d'une pompe à chaleur dans le Saskatchewan
The United States of America
Justin Trudeau
Poutine
Le Covid 19
Le Cuir
Amsterdam
Picsou
J'en peux plus
S'accroupir
Albert Camus
La trente-troisième page d'un livre
La physique quantique
La mise à jour des données
Joe Dassin
La lettre μ
Minecraft
L'Italie
Les Vacances
Tout, sauf le Canada
Les Koalas
Quelque chose qui n'existe pas
Les samouraïs de la Muraille de Chine
Les pyramides d'Égypte
Le Sahara
Les mariachis mexicains
Le nombre qui résulterait de l'opération consistant à 10^456846858,12 auquel on additionnerait 23
Un cure-dent fabriqué par du bois Bordelais en Dordogne et n'ayant plus jamais quitté cette dernière ni n'ayant jamais croisé le chemin de personne et dont aucun voyant de quelque sorte n'aie jamais eu en vision
Rien
 
Statistiques - réponses
Réponse % Correct
Tant que ça n'est pas arrivé, c'est toujours au Canada L'indépendance du Québec
72%
Il vous faut vraiment une explication ? Justin Trudeau
71%
Tout est dans le nom Poutine
60%
Ce qu'on appelle un suzerain The United States of America
46%
À Moose-Jaw pour être précis L'installation d'une pompe à chaleur dans le Saskatchewan
42%
Il est passé par là-bas Le Covid 19
34%
Il y en a au Canada Les Vacances
33%
Plein de canadiens sont fan Joe Dassin
31%
Déjà lue quelque part a Canada La trente-troisième page d'un livre
30%
C'est ce qui colle le plus au Canada, vous avez déjà fait un puzzle ? Tout, sauf le Canada
29%
Les canadiens n'en sont pas épargnés La mise à jour des données
27%
Un canadien y a déjà joué Minecraft
27%
On en produit aussi en ces lieux Le Cuir
25%
Oui, ça marche aussi au Canada La physique quantique
23%
Il est déjà allé au Canada, le Klondike, ça ne vous dit rien ? Picsou
23%
Le nom d'un lac J'en peux plus
20%
Très pratiqué au Canada, même un lac s'y adonne S'accroupir
20%
Il a sans doute déjà parlé du Canada Albert Camus
19%
Quelque chose qui n'existe pas peut avoir été inventé par un canadien Quelque chose qui n'existe pas
19%
Nombreux sont les canadiens à y être passés Amsterdam
14%
Certains se sont déjà rendus là-bas Les mariachis mexicains
13%
Déjà utilisée par un canadien La lettre μ
12%
Un canadien y est déjà allé L'Italie
11%
Il s'agit d'un désert, il y a aussi des déserts au Canada Le Sahara
9%
Il y en a un dans un zoo, au moins un Les Koalas
9%
Un canadien en a forcément déjà entendu parler Les samouraïs de la Muraille de Chine
9%
Il n'y a aucune pyramide d'Égypte au Canada, et aucune pyramide d'Égypte, jusqu'à preuve du contraire, n'ai jamais ne serait-ce que songé au Canada. Cependant, il y a des représentations de ces pyramides au Canada Les pyramides d'Égypte
8%
Aucun quiz correspondant
Distribution des résultats
% des personnes avec chaque résultat
Percentile par nombre de réponses
Votre historique - résultats
Vous n’avez pas pris ce quiz